|
|
|
|
| LEADER |
01351nab a2200373 i 4500 |
| 001 |
publ37582 |
| 005 |
20250901092055.0 |
| 008 |
250901s2022 hu o 000 eng d |
| 022 |
|
|
|a 1219-4956
|
| 024 |
7 |
|
|a 10.3389/pore.2022.1610383
|2 doi
|
| 024 |
7 |
|
|a 32946435
|2 mtmt
|
| 040 |
|
|
|a SZTE Publicatio Repozitórium
|b hun
|
| 041 |
|
|
|a eng
|
| 100 |
1 |
|
|a Rubovszky Gábor
|
| 245 |
1 |
0 |
|a Systemic Treatment of Breast Cancer
|h [elektronikus dokumentum] :
|b 1st Central-Eastern European Professional Consensus Statement on Breast Cancer /
|c Rubovszky Gábor
|
| 260 |
|
|
|c 2022
|
| 300 |
|
|
|a 26
|
| 490 |
0 |
|
|a PATHOLOGY AND ONCOLOGY RESEARCH
|v 28
|
| 650 |
|
4 |
|a Klinikai orvostan
|
| 700 |
0 |
1 |
|a Kocsis Judit
|e aut
|
| 700 |
0 |
1 |
|a Boér Katalin
|e aut
|
| 700 |
0 |
1 |
|a Chilingirova Nataliya
|e aut
|
| 700 |
0 |
1 |
|a Dank Magdolna
|e aut
|
| 700 |
0 |
1 |
|a Kahán Zsuzsanna
|e aut
|
| 700 |
0 |
1 |
|a Kaidarova Dilyara
|e aut
|
| 700 |
0 |
1 |
|a Kövér Erika
|e aut
|
| 700 |
0 |
1 |
|a Krakovská Bibiana Vertáková
|e aut
|
| 700 |
0 |
1 |
|a Máhr Károly
|e aut
|
| 700 |
0 |
1 |
|a Mriňáková Bela
|e aut
|
| 700 |
0 |
1 |
|a Pikó Béla
|e aut
|
| 700 |
0 |
2 |
|a Božović-Spasojević Ivana
|e aut
|
| 700 |
0 |
2 |
|a Horváth Zsolt
|e aut
|
| 700 |
0 |
2 |
|a Kollaborációs szervezet: Central-Eastern European Academy of Oncology (CEEAO)
|e aut
|
| 856 |
4 |
0 |
|u http://publicatio.bibl.u-szeged.hu/37582/1/pore-28-1610383.pdf
|z Dokumentum-elérés
|